<?xml version="1.0" encoding="UTF-8"?>
<record
    xmlns:xsi="http://www.w3.org/2001/XMLSchema-instance"
    xsi:schemaLocation="http://www.loc.gov/MARC21/slim http://www.loc.gov/standards/marcxml/schema/MARC21slim.xsd"
    xmlns="http://www.loc.gov/MARC21/slim">

  <leader>03436nam a22003977a 4500</leader>
  <controlfield tag="005">20100106144557.0</controlfield>
  <datafield tag="010" ind1=" " ind2=" ">
    <subfield code="a"> B-349578-582      B-436028-032</subfield>
  </datafield>
  <datafield tag="020" ind1=" " ind2=" ">
    <subfield code="c">20.00</subfield>
    <subfield code="a">8125035036</subfield>
  </datafield>
  <datafield tag="020" ind1=" " ind2=" ">
    <subfield code="c">20.00</subfield>
    <subfield code="a">9788125035039</subfield>
  </datafield>
  <datafield tag="035" ind1=" " ind2=" ">
    <subfield code="a"> B-349578-582</subfield>
  </datafield>
  <datafield tag="035" ind1=" " ind2=" ">
    <subfield code="a">B-436028-032</subfield>
  </datafield>
  <datafield tag="037" ind1=" " ind2=" ">
    <subfield code="b">&#x92A;&#x94D;&#x930;&#x925;&#x92E; &#x92C;&#x941;&#x915;&#x94D;&#x938;</subfield>
  </datafield>
  <datafield tag="037" ind1=" " ind2=" ">
    <subfield code="b">&#x92C;&#x94D;&#x932;&#x92F;&#x942;&#x92C;&#x947;&#x930;&#x940; &#x92C;&#x941;&#x915;&#x94D;&#x938;</subfield>
  </datafield>
  <datafield tag="082" ind1=" " ind2=" ">
    <subfield code="a"> &#x915;</subfield>
  </datafield>
  <datafield tag="100" ind1=" " ind2=" ">
    <subfield code="a">&#x90F;&#x932;&#x92A;&#x94D;&#x92A;&#x928;, &#x909;&#x930;&#x94D;&#x92E;&#x93F;&#x932;&#x93E;</subfield>
    <subfield code="9">31311</subfield>
  </datafield>
  <datafield tag="245" ind1=" " ind2=" ">
    <subfield code="a">&#x938;&#x939;&#x91C;&#x940;&#x935;&#x928; /</subfield>
    <subfield code="c">&#x909;&#x930;&#x94D;&#x92E;&#x93F;&#x932;&#x93E; &#x90F;&#x932;&#x92A;&#x94D;&#x92A;&#x928; ;&#x930;&#x93E;&#x92E; &#x917;&#x94B;&#x92A;&#x93E;&#x932; &#x938;&#x93F;&#x902;&#x939; &#x926;&#x94D;&#x935;&#x93E;&#x930;&#x93E; &#x905;&#x928;&#x941;&#x926;&#x93F;&#x924;</subfield>
  </datafield>
  <datafield tag="260" ind1=" " ind2=" ">
    <subfield code="a">&#x939;&#x948;&#x926;&#x930;&#x93E;&#x92C;&#x93E;&#x926;</subfield>
    <subfield code="b">&#x913;&#x930;&#x93F;&#x92F;&#x902;&#x91F; &#x932;&#x949;&#x917;&#x92E;&#x948;&#x928;</subfield>
    <subfield code="c">2008</subfield>
  </datafield>
  <datafield tag="270" ind1=" " ind2=" ">
    <subfield code="a">3-6-752 ,&#x939;&#x93F;&#x92E;&#x93E;&#x92F;&#x924; &#x928;&#x917;&#x930;,</subfield>
    <subfield code="b">&#x939;&#x948;&#x926;&#x930;&#x93E;&#x92C;&#x93E;&#x926;</subfield>
    <subfield code="e">500029</subfield>
    <subfield code="k"> </subfield>
    <subfield code="l"> </subfield>
    <subfield code="m"> </subfield>
  </datafield>
  <datafield tag="300" ind1=" " ind2=" ">
    <subfield code="a">20&#x92A;&#x943;.;</subfield>
    <subfield code="c">21&#x938;&#x947;&#x92E;&#x940; (&#x905;&#x91C;&#x93F;&#x932;&#x94D;&#x926;)</subfield>
    <subfield code="b">&#x938;&#x91A;&#x93F;&#x924;&#x94D;&#x930; </subfield>
  </datafield>
  <datafield tag="490" ind1=" " ind2=" ">
    <subfield code="a"> </subfield>
    <subfield code="9">31312</subfield>
  </datafield>
  <datafield tag="500" ind1=" " ind2=" ">
    <subfield code="a"> </subfield>
  </datafield>
  <datafield tag="700" ind1=" " ind2=" ">
    <subfield code="a">&#x930;&#x93E;&#x92E; &#x917;&#x94B;&#x92A;&#x93E;&#x932; &#x938;&#x93F;&#x902;&#x939;</subfield>
    <subfield code="9">30654</subfield>
  </datafield>
  <datafield tag="942" ind1=" " ind2=" ">
    <subfield code="2">ddc</subfield>
    <subfield code="c">CH</subfield>
    <subfield code="m">&#x90F;&#x932;&#x92A;&#x94D;&#x92A;&#x928;</subfield>
    <subfield code="h"> &#x915;</subfield>
  </datafield>
  <datafield tag="999" ind1=" " ind2=" ">
    <subfield code="c">22807</subfield>
    <subfield code="d">22807</subfield>
  </datafield>
  <datafield tag="952" ind1=" " ind2=" ">
    <subfield code="0">0</subfield>
    <subfield code="1">0</subfield>
    <subfield code="2">ddc</subfield>
    <subfield code="4">0</subfield>
    <subfield code="7">0</subfield>
    <subfield code="8">FIC</subfield>
    <subfield code="a">L</subfield>
    <subfield code="b">L</subfield>
    <subfield code="d">2010-01-06</subfield>
    <subfield code="e">080/6.7.09/8/23.4.09/29.7.09 </subfield>
    <subfield code="g">20.00</subfield>
    <subfield code="l">0</subfield>
    <subfield code="o">&#x915; &#x90F;&#x932;&#x92A;&#x94D;&#x92A;&#x928;</subfield>
    <subfield code="p">B-349578</subfield>
    <subfield code="r">2010-01-06 00:00:00</subfield>
    <subfield code="t">1</subfield>
    <subfield code="v">20.00</subfield>
    <subfield code="w">2010-01-06</subfield>
    <subfield code="y">CH</subfield>
  </datafield>
  <datafield tag="952" ind1=" " ind2=" ">
    <subfield code="0">0</subfield>
    <subfield code="1">5</subfield>
    <subfield code="4">0</subfield>
    <subfield code="7">0</subfield>
    <subfield code="8">FIC</subfield>
    <subfield code="a">BL1</subfield>
    <subfield code="b">BL1</subfield>
    <subfield code="d">2010-01-06</subfield>
    <subfield code="e">080/6.7.09/8/23.4.09/29.7.09 </subfield>
    <subfield code="g">20.00</subfield>
    <subfield code="l">0</subfield>
    <subfield code="o">&#x915; &#x90F;&#x932;&#x92A;&#x94D;&#x92A;&#x928;</subfield>
    <subfield code="p">B-349579</subfield>
    <subfield code="r">2010-01-06 00:00:00</subfield>
    <subfield code="t">1</subfield>
    <subfield code="v">20.00</subfield>
    <subfield code="y">CH</subfield>
  </datafield>
  <datafield tag="952" ind1=" " ind2=" ">
    <subfield code="0">0</subfield>
    <subfield code="1">0</subfield>
    <subfield code="2">ddc</subfield>
    <subfield code="4">0</subfield>
    <subfield code="7">0</subfield>
    <subfield code="8">FIC</subfield>
    <subfield code="a">ZLS</subfield>
    <subfield code="b">ZLS</subfield>
    <subfield code="d">2010-01-06</subfield>
    <subfield code="e">080/6.7.09/8/23.4.09/29.7.09 </subfield>
    <subfield code="g">20.00</subfield>
    <subfield code="l">0</subfield>
    <subfield code="o">&#x915; &#x90F;&#x932;&#x92A;&#x94D;&#x92A;&#x928;</subfield>
    <subfield code="p">B-349580</subfield>
    <subfield code="r">2010-01-06 00:00:00</subfield>
    <subfield code="t">1</subfield>
    <subfield code="v">20.00</subfield>
    <subfield code="w">2010-01-06</subfield>
    <subfield code="y">CH</subfield>
  </datafield>
  <datafield tag="952" ind1=" " ind2=" ">
    <subfield code="0">0</subfield>
    <subfield code="1">0</subfield>
    <subfield code="4">0</subfield>
    <subfield code="7">0</subfield>
    <subfield code="8">FIC</subfield>
    <subfield code="a">BN</subfield>
    <subfield code="b">BN</subfield>
    <subfield code="d">2010-01-06</subfield>
    <subfield code="e">080/6.7.09/8/23.4.09/29.7.09 </subfield>
    <subfield code="g">20.00</subfield>
    <subfield code="l">1</subfield>
    <subfield code="o">&#x915; &#x90F;&#x932;&#x92A;&#x94D;&#x92A;&#x928;</subfield>
    <subfield code="p">B-349581</subfield>
    <subfield code="r">2023-02-10 00:00:00</subfield>
    <subfield code="s">2023-02-09</subfield>
    <subfield code="t">1</subfield>
    <subfield code="v">20.00</subfield>
    <subfield code="y">CH</subfield>
  </datafield>
  <datafield tag="952" ind1=" " ind2=" ">
    <subfield code="0">0</subfield>
    <subfield code="1">5</subfield>
    <subfield code="4">0</subfield>
    <subfield code="7">0</subfield>
    <subfield code="8">FIC</subfield>
    <subfield code="a">BL4</subfield>
    <subfield code="b">BL4</subfield>
    <subfield code="d">2010-01-06</subfield>
    <subfield code="e">080/6.7.09/8/23.4.09/29.7.09 </subfield>
    <subfield code="g">20.00</subfield>
    <subfield code="l">0</subfield>
    <subfield code="o">&#x915; &#x90F;&#x932;&#x92A;&#x94D;&#x92A;&#x928;</subfield>
    <subfield code="p">B-349582</subfield>
    <subfield code="r">2010-01-06 00:00:00</subfield>
    <subfield code="t">1</subfield>
    <subfield code="v">20.00</subfield>
    <subfield code="y">CH</subfield>
  </datafield>
  <datafield tag="952" ind1=" " ind2=" ">
    <subfield code="0">0</subfield>
    <subfield code="1">0</subfield>
    <subfield code="4">0</subfield>
    <subfield code="7">0</subfield>
    <subfield code="8">FIC</subfield>
    <subfield code="a">L</subfield>
    <subfield code="b">L</subfield>
    <subfield code="d">2011-08-04</subfield>
    <subfield code="e">&#x92C;&#x94D;&#x932;&#x92F;&#x942;&#x92C;&#x947;&#x930;&#x940; /6364/25.3.2011/83/21.3.11/31.3.11 </subfield>
    <subfield code="g">20.00</subfield>
    <subfield code="l">0</subfield>
    <subfield code="o">&#x915; &#x90F;&#x932;&#x92A;&#x94D;&#x92A;&#x928;</subfield>
    <subfield code="p">B-436028</subfield>
    <subfield code="r">2011-08-04 00:00:00</subfield>
    <subfield code="t">1</subfield>
    <subfield code="v">20.00</subfield>
    <subfield code="w">2011-08-04</subfield>
    <subfield code="y">CH</subfield>
  </datafield>
  <datafield tag="952" ind1=" " ind2=" ">
    <subfield code="0">0</subfield>
    <subfield code="1">0</subfield>
    <subfield code="4">0</subfield>
    <subfield code="7">0</subfield>
    <subfield code="8">FIC</subfield>
    <subfield code="a">BL1</subfield>
    <subfield code="b">BL1</subfield>
    <subfield code="d">2011-08-04</subfield>
    <subfield code="e">&#x92C;&#x94D;&#x932;&#x92F;&#x942;&#x92C;&#x947;&#x930;&#x940; /6364/25.3.2011/83/21.3.11/31.3.11 </subfield>
    <subfield code="g">20.00</subfield>
    <subfield code="l">0</subfield>
    <subfield code="o">&#x915; &#x90F;&#x932;&#x92A;&#x94D;&#x92A;&#x928;</subfield>
    <subfield code="p">B-436029</subfield>
    <subfield code="r">2011-08-04 00:00:00</subfield>
    <subfield code="t">1</subfield>
    <subfield code="v">20.00</subfield>
    <subfield code="w">2011-08-04</subfield>
    <subfield code="y">CH</subfield>
  </datafield>
  <datafield tag="952" ind1=" " ind2=" ">
    <subfield code="0">1</subfield>
    <subfield code="1">0</subfield>
    <subfield code="4">0</subfield>
    <subfield code="7">0</subfield>
    <subfield code="8">FIC</subfield>
    <subfield code="a">ZLS</subfield>
    <subfield code="b">ZLS</subfield>
    <subfield code="d">2011-08-04</subfield>
    <subfield code="e">&#x92C;&#x94D;&#x932;&#x92F;&#x942;&#x92C;&#x947;&#x930;&#x940; /6364/25.3.2011/83/21.3.11/31.3.11 </subfield>
    <subfield code="g">20.00</subfield>
    <subfield code="l">0</subfield>
    <subfield code="o">&#x915; &#x90F;&#x932;&#x92A;&#x94D;&#x92A;&#x928;</subfield>
    <subfield code="p">B-436030</subfield>
    <subfield code="r">2011-08-04 00:00:00</subfield>
    <subfield code="t">1</subfield>
    <subfield code="v">20.00</subfield>
    <subfield code="y">CH</subfield>
  </datafield>
  <datafield tag="952" ind1=" " ind2=" ">
    <subfield code="0">0</subfield>
    <subfield code="1">0</subfield>
    <subfield code="4">0</subfield>
    <subfield code="7">0</subfield>
    <subfield code="8">FIC</subfield>
    <subfield code="a">BN</subfield>
    <subfield code="b">BN</subfield>
    <subfield code="d">2011-08-04</subfield>
    <subfield code="e">&#x92C;&#x94D;&#x932;&#x92F;&#x942;&#x92C;&#x947;&#x930;&#x940; /6364/25.3.2011/83/21.3.11/31.3.11 </subfield>
    <subfield code="g">20.00</subfield>
    <subfield code="l">2</subfield>
    <subfield code="o">&#x915; &#x90F;&#x932;&#x92A;&#x94D;&#x92A;&#x928;</subfield>
    <subfield code="p">B-436031</subfield>
    <subfield code="r">2024-04-30 00:00:00</subfield>
    <subfield code="s">2024-04-29</subfield>
    <subfield code="t">1</subfield>
    <subfield code="v">20.00</subfield>
    <subfield code="y">CH</subfield>
  </datafield>
  <datafield tag="952" ind1=" " ind2=" ">
    <subfield code="0">0</subfield>
    <subfield code="1">5</subfield>
    <subfield code="4">0</subfield>
    <subfield code="7">0</subfield>
    <subfield code="8">FIC</subfield>
    <subfield code="a">BL4</subfield>
    <subfield code="b">BL4</subfield>
    <subfield code="d">2011-08-04</subfield>
    <subfield code="e">&#x92C;&#x94D;&#x932;&#x92F;&#x942;&#x92C;&#x947;&#x930;&#x940; /6364/25.3.2011/83/21.3.11/31.3.11 </subfield>
    <subfield code="g">20.00</subfield>
    <subfield code="l">0</subfield>
    <subfield code="o">&#x915; &#x90F;&#x932;&#x92A;&#x94D;&#x92A;&#x928;</subfield>
    <subfield code="p">B-436032</subfield>
    <subfield code="r">2011-08-04 00:00:00</subfield>
    <subfield code="t">1</subfield>
    <subfield code="v">20.00</subfield>
    <subfield code="y">CH</subfield>
  </datafield>
</record>
